00953cam a2200289 a 45000010008000000030004000080050017000120080041000290100017000700200032000870200039001190400018001580500019001760820014001952450074002092460028002832500012003112600039003233000029003626500029003917000020004207100024004409060045004649420015005099990017005249520122005413102534OSt20160810085640.0990113s1999 nyua d 000 0 eng  a 99017787  a0816039097 (acidfree paper) a0816039100 (pbk. : acidfree paper) aDLCcDLCdDLC00aQD5b.F33 199900a540.322104aThe Facts on File dictionary of chemistry /cedited by John Daintith.30aDictionary of chemistry a3rd ed. aNew York :bFacts on File,cc1999. a266 p. :bill. ;c24 cm. 0aChemistryvDictionaries.1 aDaintith, John.2 aFacts on File, Inc. a7bcbccorignewd1eocipf19gy-gencatlg 2lcccBOOKS c13125d13125 00102lcc4070aMUCbMUCcGENd2016-08-10eDonation(BFA)l0oREF QD 5.F33 1999p24567r2016-08-10w2016-08-10yBOOKS